Language Quiz

Random Language or Spanish Quiz
Score 0/10 Timer 01:00
0 Plays Today
% Correct
Cebolla
71.8%
Zanahoria
58.8%
Pepino
50.8%
Calabaza
47.9%
CalabacĂ­n
37.4%
Puerro
34.9%
Nabo
33.6%
Berenjena
33.2%
Remolacha
32.4%
Apio
31.9%
Remove Ads.
Support Sporcle.
Get the best of Sporcle when you Go Orange. This ad-free experience offers more features, more stats, and more fun while also helping to support Sporcle. Thank you for becoming a member.

You're not logged in!

Compare scores with friends on all Sporcle quizzes.
OR
Log In

Show Comments

Extras

Top Quizzes Today


Score Distribution

Your Account Isn't Verified!

In order to create a playlist on Sporcle, you need to verify the email address you used during registration. Go to your Sporcle Settings to finish the process.

Report this User

Report this user for behavior that violates our Community Guidelines.

Details: